Koordinácia fiškálnych vzťahov v USA bakalárska práca

Salvato in:
Dettagli Bibliografici
Autore principale: Perinová, Vivien
Ente Autore: Národohospodárska fakulta EU. Katedra financií
Altri autori: Boór, Matej, 1988-
Natura: Libro
Lingua:slovacco
Pubblicazione: Bratislava 2021
Tags: Aggiungi Tag
Nessun Tag, puoi essere il primo ad aggiungerne!!

MARC

LEADER 00000nbm a2200000 4500
001 0275185
005 20211210125010.5
041 0 |a slo 
044 |a SK 
245 1 0 |a Koordinácia fiškálnych vzťahov v USA  |b bakalárska práca  |c Vivien Perinová ; školiteľ: Matej Boór 
264 1 |a Bratislava  |c 2021 
300 |a 55 s. 
100 1 |a Perinová, Vivien 
700 1 |a Boór, Matej, 1988- 
710 2 |a Národohospodárska fakulta EU. Katedra financií